| 000 | 00358nam a2200145Ia 4500 | ||
|---|---|---|---|
| 008 | 150201s1997 xx 000 0 und d | ||
| 082 |
_a617.41 _bA1997G |
||
| 100 | _aGRAUER,KEN | ||
| 245 | _aARRHYTHMIA INTERPRETATION | ||
| 250 | _a1ST | ||
| 260 |
_bMOSBY _aDELHI _c1997 |
||
| 300 | _a1-366 | ||
| 650 | _aPREVENTIVE AND COMMUNITY DENTISTRY | ||
| 942 |
_2ddc _cBK |
||
| 999 |
_c4348 _d4348 |
||